Účtová trieda 5 - Náklady

Podľa zákona o dani z príjmov daňovník účtujúci v sústave podvojného účtovníctva pri zistení základu dane vychádza z výsledku hospodárenia, preto sa na daňové účely vo všeobecnosti akceptujú výdavky (náklady), ktoré sú zaúčtované v účtovníctve. Avšak určité vymedzené výdavky (náklady) sa napriek ich...

Descrizione completa

Salvato in:
Dettagli Bibliografici
Autore principale: Novotná, Ľudmila
Altri autori: Petrovická, Iveta
Natura: Capitolo di libro
Lingua:slovacco
Soggetti:
Tags: Aggiungi Tag
Nessun Tag, puoi essere il primo ad aggiungerne!!

MARC

LEADER 00000naa a2200000 4500
001 0257677
005 20190823104042.1
041 0 |a slo 
044 |a SK 
245 1 0 |a Účtová trieda 5 - Náklady  |c Ľudmila Novotná, Iveta Petrovická 
520 |a Podľa zákona o dani z príjmov daňovník účtujúci v sústave podvojného účtovníctva pri zistení základu dane vychádza z výsledku hospodárenia, preto sa na daňové účely vo všeobecnosti akceptujú výdavky (náklady), ktoré sú zaúčtované v účtovníctve. Avšak určité vymedzené výdavky (náklady) sa napriek ich zaúčtovaniu v súlade s účtovnými predpismi uplatnia do daňových výdavkov len v rozsahu a za podmienok ustanovených v zákone o dani z príjmov. 
610 2 0 |a účtovníctvo podvojné 
610 2 0 |a účtovanie 
610 2 0 |a náklady 
610 2 0 |a výdavky 
610 2 0 |a služby 
610 2 0 |a majetok dlhodobý 
610 2 0 |a odpisy 
610 2 0 |a položky opravné 
610 2 0 |a dane z príjmov 
610 2 0 |a legislatíva 
100 1 |a Novotná, Ľudmila 
700 1 |a Petrovická, Iveta